Gaming Quiz

Random Gaming or Video Games Quiz
Score 0/20 Timer 04:00
1 Play Today
% Correct
Human
92.4%
Earthworm
88.1%
Gorilla
86.7%
Octopus
85.9%
Fox
84.6%
Toad
84.4%
Bee
83.7%
Turtle
79%
Hedgehog
77.1%
Monkey
68.2%
% Correct
Echidna
66.2%
Bandicoot
63.4%
Raccoon
63%
Bear
59.1%
Squirrel
58.2%
Owl
55.3%
Cat
54.3%
Kangaroo
50.6%
Hamster
49.3%
Dog
47.3%
Remove Ads.
Support Sporcle.
Get the best of Sporcle when you Go Orange. This ad-free experience offers more features, more stats, and more fun while also helping to support Sporcle. Thank you for becoming a member.

You're not logged in!

Compare scores with friends on all Sporcle quizzes.
OR
Log In

Sporcle TV

Today on Sporcle TV


Watch our educational content, quiz creation guides, and fun videos on Sporcle TV.

Show Comments

Extras

Top Quizzes Today


Score Distribution

Paid Content

Your Account Isn't Verified!

In order to create a playlist on Sporcle, you need to verify the email address you used during registration. Go to your Sporcle Settings to finish the process.

Report this User

Report this user for behavior that violates our Community Guidelines.

Details: